|
|
|
|
| LEADER |
01019nam a2200229 a 4500 |
| 001 |
GR-MES10769 |
| 003 |
GR-PaULI |
| 005 |
20230920142235.0 |
| 008 |
060925s2002 gr 000 f gre d |
| 952 |
|
|
|0 0
|1 0
|2 ddc
|4 0
|6 Μ_ΜΑΡ
|7 0
|9 270063
|a MSLG
|b MSLG
|c BSC
|d 2021-01-17
|e 24
|f 0
|g 0.00
|l 0
|o Μ ΜΑΡ
|p 2420000019823
|r 2021-01-17 00:00:00
|t 1
|w 2021-01-17
|y BK15
|x 20060925 0 1
|x GrPaTEI
|
| 952 |
|
|
|0 0
|1 0
|2 ddc
|4 0
|6 889_334000000000000_ΜΑΡ
|7 0
|9 325262
|a LISP
|b LISP
|c DON
|d 2021-05-19
|e ΓΑΛ
|i 144153
|l 0
|o 889.334 ΜΑΡ
|p 025000270308
|r 2021-05-19 00:00:00
|t 2
|w 2021-05-19
|y BKN
|
| 999 |
|
|
|c 155940
|d 155940
|
| 020 |
|
|
|a 9600421013
|
| 040 |
|
|
|a GrPaTEI
|b gre
|c GR-PaULI
|e AACR2
|
| 082 |
0 |
4 |
|a 889.334
|2 23
|
| 082 |
0 |
4 |
|a Μ
|
| 100 |
1 |
|
|a Μαραγκόπουλος, Άρης,
|d 1948-
|e συγγραφέας.
|9 53597
|
| 245 |
1 |
0 |
|a Αγάπη [κήποι] αχαριστία /
|c Άρης Μαραγκόπουλος.
|
| 260 |
|
|
|a Αθήνα :
|b Κέδρος,
|c 2002.
|
| 300 |
|
|
|a 284σ. ;
|c 26εκ.
|
| 942 |
|
|
|2 ddc
|c BK15
|
| 998 |
|
|
|c ΜΠΟΥΡΑΣ
|d 2021-05
|